Buffy the vampire Slayer /

Guardado en:
Formato: Libro
Idioma:Undetermined
Publicado: 2015.
Materias:
Etiquetas: Agregar Etiqueta
Sin Etiquetas, Sea el primero en etiquetar este registro!
LEADER 00385nam a22001455a 4500
001 CEM.cems018944
008 211019s2015####xx############000#0#und#d
005 20211019185247.0
003 CEMS
245 1 0 |a Buffy the vampire Slayer /  |c Carl Ellsworth. 
260 |c 2015. 
500 |a Incluye CD. 
653 |a Texto Inglés 
653 |a Caja Inglés 1 
859 |a CEMS  |b BIB. CEMS - 11 de abril  |p SSR-128  |t Ej. 1